Toutes les Techniques de Nathan Swift/Kazemaru D'Inazuma Eleven - Statistiques

Statistiques générales
  • Ce quiz a été pris 70 fois
  • Le résultat moyen est 9 sur 13
Statistiques - réponses
Réponse Type de quiz Première Utilisation % Correct
Dribble Rafale ATT S1
98%
Danse d'Éole ATT S3
89%
Oiseau de Feu TIR S1
89%
Ouragan TIR S3
86%
Le Phénix TIR MANGA
82%
Phénix Noir TIR S2
79%
Tourbillon Trampoline TIR S3
72%
Tir Banane TIR S3
63%
Triple Tir TIR S2
61%
Tacle Puissance 3 DEF S2
51%
Jungle Sauvage DEF FILM 3
35%
Spinning Fence DEF ORION
26%
Manchot Empereur N°2 TIR FILM 2
23%
Aucun quiz correspondant
Distribution des résultats
% des personnes avec chaque résultat
Percentile par nombre de réponses
Votre historique - résultats
Vous n’avez pas pris ce quiz